| 000 | 00473nam a2200217Ia 4500 | ||
|---|---|---|---|
| 008 | 210210b1852 xxu||||| |||| 00| 0 eng d | ||
| 041 | _aeng | ||
| 082 | _a942/2 | ||
| 100 | _aALLEN (J) | ||
| 245 | _aBattles of the British navy Vol II | ||
| 260 |
_aLondon _bHenry G Bohn _c1852 |
||
| 650 | _aVol | ||
| 650 | _athe | ||
| 650 | _aof | ||
| 650 | _anavy | ||
| 650 | _aI | ||
| 650 | _aBritish | ||
| 650 | _aBattles | ||
| 690 | _aEuropean History | ||
| 906 | _a025408 | ||
| 999 |
_c151285 _d151285 |
||